UNESCO handbook for the teaching of social science / (Record no. 123640)

MARC details
000 -LEADER
fixed length control field 00808nam a22002297a 4500
005 - DATE AND TIME OF LATEST TRANSACTION
control field 20170124105928.0
010 ## - LIBRARY OF CONGRESS CONTROL NUMBER
LC control number A-69136
020 ## - INTERNATIONAL STANDARD BOOK NUMBER
International Standard Book Number 0709917201
Terms of availability 00.00
020 ## - INTERNATIONAL STANDARD BOOK NUMBER
International Standard Book Number 9231018906
Terms of availability 00.00
035 ## - SYSTEM CONTROL NUMBER
System control number A-69136
037 ## - SOURCE OF ACQUISITION
Source of stock number/acquisition Cen Lib/Ret
040 ## - CATALOGING SOURCE
Original cataloging agency DPL
Language of cataloging EN
082 ## - DEWEY DECIMAL CLASSIFICATION NUMBER
Classification number 300.7
Item number MEH
245 ## - TITLE STATEMENT
Title UNESCO handbook for the teaching of social science /
Statement of responsibility, etc edited by Howard D. Mehlinger
260 ## - PUBLICATION, DISTRIBUTION, ETC. (IMPRINT)
Place of publication, distribution, etc France
Name of publisher, distributor, etc United Nations Education, Scientific and Cultural Organization
Date of publication, distribution, etc 1981
270 ## - ADDRESS
Address 7 Place de Fontenoy,
City Paris, France
Postal code 75700
300 ## - PHYSICAL DESCRIPTION
Extent 409p.
Other physical details Includes Appendix and index
Dimensions 22cm(pbk)
650 ## - SUBJECT ADDED ENTRY--TOPICAL TERM
Topical term or geographic name as entry element Social Science - study and teachings
9 (RLIN) 7380
650 ## - SUBJECT ADDED ENTRY--TOPICAL TERM
Topical term or geographic name as entry element Educational Programme - UNESCO
9 (RLIN) 7381
700 ## - ADDED ENTRY--PERSONAL NAME
Personal name Mehlinger, Howard D.
9 (RLIN) 7384
942 ## - ADDED ENTRY ELEMENTS (KOHA)
Source of classification or shelving scheme Dewey Decimal Classification
Koha item type English Books
Classification part 300.7
Call number suffix MEH
Holdings
Withdrawn status Lost status Damaged status Not for loan Home library Current library Date acquired Source of acquisition Cost, normal purchase price Total Checkouts Full call number Barcode Date last seen Copy number Cost, replacement price Price effective from Koha item type
        Central Library Central Library 10/06/2015 Cen Lib/Ret 0.00   300.7 MEH A-69136 10/06/2015 1 0.00 10/06/2015 English Books

© Delhi Public Library
Hit Counter
free hit counter